Normal view
MARC view
Entry Personal Name
001 - CONTROL NUMBER
- control field: 3362
003 - CONTROL NUMBER IDENTIFIER
- control field: TR-AnCHP
005 - DATE AND TIME OF LATEST TRANSACTION
- control field: 20190110165539.0
008 - FIXED-LENGTH DATA ELEMENTS
- fixed length control field: 1901101016n|cannaabn |n|d ||
040 ## - CATALOGING SOURCE
- Original cataloging agency: TR-AnCHP
100 10 - HEADING--PERSONAL NAME
- Personal name: Eyuboğlu, Sabahattin
- Dates associated with a name: 1908-1973
670 ## - SOURCE DATA FOUND
- Source citation: Eyuboğlu, Sabahattin1908-1973.
- Information found: Devrim yazılarıGracchus Babeuf ; çevirenler Sabahattin Eyuboğlu, Vedat Günyol
